Mat-100 : procesos y conceptualización / (Registro nro. 38322)
[ vista simple ]
| 000 -CABECERA | |
|---|---|
| campo de control de longitud fija | 00400nam a2200133 a 4500 |
| 001 - NÚMERO DE CONTROL | |
| campo de control | 000038832 |
| 005 - FECHA Y HORA DE LA ÚLTIMA TRANSACCIÓN | |
| campo de control | 20201002031403.0 |
| 008 - DATOS DE LONGITUD FIJA--INFORMACIÓN GENERAL | |
| campo de control de longitud fija | 130426s2004 dr a 000 0 spa d |
| 040 ## - FUENTE DE LA CATALOGACIÓN | |
| Centro catalogador/agencia de origen | DO-SdBNP |
| 100 1# - ENTRADA PRINCIPAL--NOMBRE DE PERSONA | |
| Nombre de persona | Dalmasí, Lidia |
| 9 (RLIN) | 19597 |
| 245 10 - MENCIÓN DE TÍTULO | |
| Título | Mat-100 : procesos y conceptualización / |
| Mención de responsabilidad, etc. | Lidia Dalmasí, José Báez. |
| 260 ## - PUBLICACIÓN, DISTRIBUCIÓN, ETC. | |
| Lugar de publicación, distribución, etc. | [Santo Domingo] : |
| Nombre del editor, distribuidor, etc. | [s. n.], |
| Fecha de publicación, distribución, etc. | [s. f.]. |
| 300 ## - DESCRIPCIÓN FÍSICA | |
| Extensión | 124 p. : ; |
| Dimensiones | 27 cm. |
| Estado de retiro | Estado de pérdida | No para préstamo | Código de colección | Localización permanente | Ubicación/localización actual | Ubicación en estantería | Fecha de adquisición | Número de inventario | Total de préstamos | Signatura topográfica completa | Código de barras | Fecha visto por última vez | Precio válido a partir de | Tipo de ítem Koha |
|---|---|---|---|---|---|---|---|---|---|---|---|---|---|---|
| Patrimonio Dominicano | Patrimonio Dominicano | Patrimonio Dominicano | Orden iniciada | 26.04.2013 | LF1 | 38832-10 | 25.06.2020 | 25.06.2020 | Libro y Folleto Colección Patrimonio Dominicano |
